[Event "GRE-ch U14"]
[Site "Peristeri"]
[Date "2023.07.03"]
[Round "1"]
[White "Papaioannou, Dimitrios1111"]
[Black "Theodoropoulos, Dimitrios Th"]
[Result "1-0"]
[WhiteElo "2108"]
[BlackElo "1420"]
[PlyCount "55"]
[EventDate "2023.07.03"]
[EventType "swiss"]
[EventRounds "9"]
[EventCountry "GRE"]
[SourceTitle "EXT 2024"]
[Source "ChessBase"]
[SourceDate "2023.10.10"]
[SourceVersion "1"]
[SourceVersionDate "2023.10.10"]
[SourceQuality "1"]

1. c4 e5 2. Nc3 Nf6 3. Nf3 Nc6 4. d3 d5 5. cxd5 Nxd5 6. g3 Be7 7. Bg2 Nb6 8. 0-0 0-0 9. a3 Re8 10. b4 Bf8 11. Bb2 a5 12. b5 Nd4 13. Nd2 c6 14. bxc6 Nxc6 15. Rc1 Be6 16. Nce4 f5 17. Nc5 Bxc5 18. Rxc5 Qd6 19. Rb5 Ra6 20. Bxc6 Qxc6 21. Rxe5 Na4 22. Ba1 b5 23. Nf3 Nc3 24. Qd2 Nd5 25. Qb2 Nc7 26. Nd4 Qd7 27. Rc1 Ra7 28. Nxb5 1-0